zpět

Detail výsledku týmu

Pivovarský Dvůr PO, Liberec

Datum a čas kvízu

33 Celkem bodů Celkový počet nahraných bodů na tomto kvízu bez doplňovacích otázek.
6. Pořadí na kvízu Konečné umístění týmu na tomto kvízu.

Zaznamenané odpovědi

# Otázka Odpověď Body Výsledky
1. Na politickou scénu se vracejí... Taťána Malá; spravedlnost 1
2. Nejen u nás, ale i v jedné sou... v Polsku 1
3. Minulý týden proběhl pařížský... Heidi Klum 1
4. Francouzská státní společnost... croissant 1
5. Organizátoři nadcházejících zi... Olympijské ohně budou dva. 0
6. Rozdělení Římské říše v roce 3... 476 (Západořímská) a 1453 (Východořímská) 0.5
7. Ve 14. století Evropu sevřela... D 1
8. Podepsání Mnichovské dohody by... appeasement (politika appeasementu) 1
9. Jak se jednoslovně nazývá tent... Watergate 1
10. Jak moc velkou chybou byl či n... A 1